NOMBRES MÁS COMUNES-MUJERES - Estadísticas

Estadísticas generales
  • Esta prueba ha sido intentada 611 veces
  • La puntuación promedio es 51 de 100
Estadísticas de respuestas
Posición Mujeres % Correcto
48 María Mar
99%
4 Ana María
97%
76 Eva María
97%
2 María
97%
26 Rosa María
97%
10 Ana
95%
97 Anna
95%
15 Lucía
88%
20 Paula
83%
3 Carmen
82%
1 María Carmen
82%
12 Marta
82%
5 Laura
78%
21 Sara
77%
16 María Jose
73%
83 María Rosa
73%
57 Rosa
73%
66 Ana Isabel
71%
17 María Isabel
71%
59 Carla
70%
8 Isabel
70%
55 Sofía
69%
23 Elena
68%
79 María Elena
68%
7 María Dolores
66%
13 Cristina
65%
22 Dolores
65%
98 María Cristina
65%
31 Julia
63%
40 Andrea
60%
58 Claudia
58%
6 María Pilar
57%
9 María Teresa
57%
29 Pilar
57%
44 Teresa
57%
61 Eva
56%
73 Martina
56%
85 Alejandra
55%
70 Daniela
55%
52 Natalia
55%
95 Clara
54%
37 Irene
54%
25 Raquel
53%
39 Rocío
53%
50 Sandra
50%
19 Antonia
49%
11 Josefa
49%
86 María Antonia
49%
62 María Josefa
49%
77 María Victoria
49%
81 Victoria
49%
47 Alicia
47%
54 Angela
47%
42 Juana
47%
46 Mónica
47%
34 Beatriz
46%
49 Marina
46%
51 Sonia
46%
80 Ana Belén
45%
74 Inés
45%
38 Patricia
45%
24 María Luisa
44%
35 Silvia
44%
99 Valeria
42%
18 Francisca
41%
36 Nuria
41%
75 Miriam
40%
96 Adriana
39%
71 Carolina
39%
88 Celia
39%
68 Esther
39%
27 Manuela
39%
72 Nerea
39%
14 María Ángeles
38%
82 Ángeles
37%
84 María Concepción
37%
65 María Mercedes
37%
32 Mercedes
37%
30 Concepción
36%
78 Lorena
35%
89 Lidia
34%
53 Susana
33%
67 Noelia
32%
64 María Rosario
30%
41 Rosario
30%
69 Verónica
30%
28 María Jesús
25%
93 Olga
25%
91 Ainhoa
24%
56 Yolanda
23%
63 Inmaculada
22%
60 Margarita
22%
92 Catalina
21%
90 Fátima
20%
100 Soledad
20%
94 María Nieves
19%
43 Montserrat
16%
87 Amparo
13%
45 Encarnación
9%
33 Ala
5%
No se encontraron pruebas coincidentes
Distribución de puntuación
Porcentaje de gente con cada puntuación
Porcentaje por número respondido
Historial de tus puntuaciones
No has intentado esta prueba.